El contrato de arrendamiento de cosas : parte general /

Gardado en:
Detalles Bibliográficos
Autor Principal: Fubini, R. (autor)
Formato: Libro
Idioma:Lingua castelá
Publicado: Madrid, España : Librería General de Victoriano Suárez, 1930, c1930
Series:(Biblioteca de la Revista de Derecho Privado. Serie B ; 15)
Temas:
Etiquetas: Engadir etiqueta
Sen Etiquetas, Sexa o primeiro en etiquetar este rexistro!

MARC

LEADER 00000nam^a2200000^a^4500
001 000122834
005 20250521000000.0
009 20260310094517.06
037 |a Acervo ITESO - Biblioteca 
041 |a ESP 
082 |a 346. 4604346  |b FUB 
100 |a Fubini, R.  |e (autor) 
245 1 3 |a El contrato de arrendamiento de cosas :  |b parte general /  |c R. Fubini ; notas de José Castán Tobeñas ; tr. por Roberto Sánchez Jiménez. 
264 4 |a Madrid, España :  |b Librería General de Victoriano Suárez,  |c 1930, c1930 
300 |a 526 p. 
336 |a texto  |b txt  |2 rdacontenido 
337 |a sin mediación  |b n  |2 rdamedio 
338 |a volumen  |b nc  |2 rdasoporte 
440 1 |a (Biblioteca de la Revista de Derecho Privado.  |p Serie B ;  |v 15) 
649 |a XX 
650 |a Contratos de Arrendamiento 
650 |a Contratos Comerciales de Arrendamiento 
650 |a Derecho Mercantil -  |z España 
650 |a Derecho Privado -  |z España 
910 |a Fondo Salvador Reynoso Reynoso 
920 |a Impresos - Libros 
930 |a Fondos Especiales 
905 |a 112 
901 |a 0800006595  |b IT2  |c ESP  |u 20250521 
902 |a https://opac.biblio.iteso.mx/vufind/Record/000122834